000 00289nam a22001337a 4500
008 170331b xxu||||| |||| 00| 0 eng d
020 _a21186
041 _aeng
080 _a617
100 _a8
101 _aSHM
245 _aCOMPUTED TOMOGRAPHY OF THE SPINE
_cHAUGHTON
942 _2udc
_cBK
999 _c9330
_d9330